| 000 | 00460nam a2200169Ia 4500 | ||
|---|---|---|---|
| 008 | 221030s9999 xx 000 0 und d | ||
| 020 | _a0074624717 | ||
| 041 | _aEnglish | ||
| 082 |
_a105.23 _bTre |
||
| 100 | _aJ. P. Tremblay | ||
| 245 | 3 |
_aAn Introduction To Data Structures With Applications _cby J. P. Tremblay, P. G. Sorenson |
|
| 260 |
_bUBS Pub. _aNew Delhi _c1991 |
||
| 300 | _a861 | ||
| 650 | _aBE Computer | ||
| 700 | _aP. G. Sorenson | ||
| 942 | _cBK | ||
| 999 |
_c6104 _d6104 |
||